000 00854nam a22002531a 4500
003 DO-SdBNP
005 20260120073951.0
007 ta
008 220602b2018 dr ||||| |||| 00| 0 spa d
020 _z9789945803525
040 _aDO-SdBNP
_bspa
_cBNPHU
082 4 _a248.4
_bT266p
_222
100 _969849
_aTejeda Medina, José Miguel
245 1 0 _aProcesado en la fé /
_cJosé Miguel Tejeda Medina ; prólogo Néstor A. Blanco Sánchez
260 _aSanto Domingo :
_b[s.n.] ,
_c2018.
300 _a206 p. :
_bil. ;
_c21 cm.
500 _aIncluye datos biográficos del autor en la contracubierta
590 _aInventariado, 2022/BT
650 0 _aVida cristiana
_9668
650 0 _aVida espiritual
_9268
700 1 _aBlanco S., Néstor A.,
_epról.
_981762
910 _aBtavárez/Validado. Control de calidad MFF
942 _2ddc
_cLBS1
999 _c51900
_d51900